Informe Final. (Registro nro. 23750)
[ vista simple ]
| 000 -CABECERA | |
|---|---|
| campo de control de longitud fija | 00553nam a2200169 a 4500 |
| 001 - NÚMERO DE CONTROL | |
| campo de control | 000024256 |
| 005 - FECHA Y HORA DE LA ÚLTIMA TRANSACCIÓN | |
| campo de control | 20200930022843.0 |
| 008 - DATOS DE LONGITUD FIJA--INFORMACIÓN GENERAL | |
| campo de control de longitud fija | 110125s1970 mx r 000 0 spa d |
| 040 ## - FUENTE DE LA CATALOGACIÓN | |
| Centro catalogador/agencia de origen | DO-SdBNP |
| Lengua de catalogación | spa |
| Centro/agencia transcriptor | BNPHU |
| 082 ## - NÚMERO DE LA CLASIFICACIÓN DECIMAL DEWEY | |
| Número de clasificación | xxxxx |
| Número de documento/Ítem | S456i |
| 049 ## - FONDOS LOCALES (OCLC) | |
| Fondos de biblioteca | BNGR |
| 111 1# - ENTRADA PRINCIPAL--NOMBRE DE CONGRESO/REUNIÓN | |
| Nombre de congreso/reunión o jurisdicción como elemento de entrada | Seminario del crefal sobre alfabetización funcional en américa latina |
| Número del congreso/reunión o número de parte o sección | (2o |
| Fecha del congreso/reunión | 1970 Marzo 16 al 25 |
| Sede del congreso/Lugar de la reunión | Lima, Perú) |
| 9 (RLIN) | 49799 |
| 245 10 - MENCIÓN DE TÍTULO | |
| Título | Informe Final. |
| 260 ## - PUBLICACIÓN, DISTRIBUCIÓN, ETC. | |
| Lugar de publicación, distribución, etc. | Michoacán, México : |
| Nombre del editor, distribuidor, etc. | CREFAL, |
| Fecha de publicación, distribución, etc. | 1970. |
| 300 ## - DESCRIPCIÓN FÍSICA | |
| Extensión | 127 p. ; |
| Dimensiones | 22 cm. |
| 500 ## - NOTA GENERAL | |
| Nota general | Incluye notas al pie de las páginas. |
| Estado de retiro | Estado de pérdida | Restricciones de uso | No para préstamo | Código de colección | Localización permanente | Ubicación/localización actual | Ubicación en estantería | Fecha de adquisición | Número de inventario | Total de préstamos | Signatura topográfica completa | Código de barras | Fecha visto por última vez | Precio válido a partir de | Tipo de ítem Koha |
|---|---|---|---|---|---|---|---|---|---|---|---|---|---|---|---|
| Monografías: Libros y Folletos | General | General | En catalogación | 25.01.2011 | LF1 | xxxxx S456i | 24256-10 | 25.06.2020 | 25.06.2020 | Préstamo en sala |
